000 00584nam a2200193Ia 4500
003 GCL
008 140319s9999 xx 000 0 eng d
040 _aGCL /
_cGCL
082 0 4 _a646.21
_bP H
100 1 _aPARKS, CAROL
245 1 0 _aHOME DECORATING WITH FABRIC: MORE THAN 80 GREAT PROJECTS FROM CUSTIONS TO COMFORTERS /
_cPARKS, CAROL
260 _a[S.N] :
_bSTERLING PUBLISHING CO. INC. ،
_c1995
300 _a143 P
650 0 4 _aINTERIOR DECORATION
650 0 4 _aTEXTILE FABRICS IN INTERIOR
650 0 4 _aMACHINE - SEWING
650 0 4 _aHOUSRHOLD LINENS
942 _2ddc
_cBK
999 _c13317
_d13317